[Event "II Torneo A"]
[Site "Andria ITA"]
[Date "1998.05.03"]
[Round "5"]
[White "Laketic, Gojko"]
[Black "Coratella, Giuseppe"]
[Result "1/2-1/2"]
[WhiteElo "2405"]
[BlackElo "1882"]
[PlyCount "45"]
[EventDate "1998.05.01"]

1. d4 Nf6 2. c4 g6 3. Nc3 Bg7 4. Nf3 d6 5. e4 O-O 6. Be2 e5 7. d5 a5 8. Bg5 Na6
9. Nd2 Qe8 10. g4 Nd7 11. Rg1 Kh8 12. Nf1 Ndc5 13. Ne3 Bd7 14. Qd2 Na4 15. Nxa4
Bxa4 16. Bd3 Nc5 17. Bc2 Bxc2 18. Qxc2 b5 19. f3 Rb8 20. Rg2 f6 21. Bh4 Bh6 22.
Nd1 bxc4 23. Qxc4 1/2-1/2

[Event "II Torneo A"]
[Site "Andria ITA"]
[Date "1998.05.03"]
[Round "5"]
[White "Puglisi, Vincenzo"]
[Black "Cassano, Felice"]
[Result "0-1"]
[WhiteElo "1849"]
[BlackElo "1760"]
[PlyCount "64"]
[EventDate "1998.05.01"]

1. e4 c5 2. Nf3 Nc6 3. d4 cxd4 4. Nxd4 Nf6 5. Nc3 e5 6. Ndb5 d6 7. Bg5 a6 8.
Na3 b5 9. Nd5 Be7 10. Bxf6 Bxf6 11. c3 O-O 12. Nc2 Bg5 13. Be2 f5 14. Bf3 f4
15. Nxf4 Bxf4 16. Qd5+ Rf7 17. a4 Bb7 18. axb5 Nd4 19. Qxf7+ Kxf7 20. cxd4 axb5
21. O-O Rxa1 22. Rxa1 Qb6 23. g3 Bg5 24. d5 Qc5 25. Ne1 Bd2 26. Nd3 Qd4 27. Be2
Qxe4 28. Ra7 Qxe2 29. Rxb7+ Kf6 30. Nxe5 dxe5 31. d6 Be1 32. d7 Qxf2+ 0-1

[Event "II Torneo A"]
[Site "Andria ITA"]
[Date "1998.05.03"]
[Round "5"]
[White "Rotelli, Pietro"]
[Black "Crudele, Michele"]
[Result "1/2-1/2"]
[WhiteElo "1734"]
[BlackElo "1794"]
[PlyCount "107"]
[EventDate "1998.05.01"]

1. d4 d6 2. Nf3 Bf5 3. c4 Nd7 4. Nc3 Ngf6 5. Bg5 h6 6. Bh4 c6 7. e3 e5 8. e4
Bg4 9. d5 Be7 10. Bxf6 Nxf6 11. Be2 O-O 12. O-O Nh5 13. h3 Bxf3 14. Bxf3 Nf4
15. Kh2 Qc7 16. g3 Ng6 17. Bh5 Nh8 18. f4 exf4 19. Rxf4 g6 20. Bg4 Bg5 21. Rf2
h5 22. h4 hxg4 23. hxg5 f5 24. gxf6 Qh7+ 25. Kg1 Qh3 26. Qf1 Qxg3+ 27. Rg2 Qe3+
28. Qf2 Qxf2+ 29. Rxf2 Nf7 30. Kg2 Ne5 31. b3 Nf3 32. Kg3 Rxf6 33. Kxg4 Raf8
34. Kg3 g5 35. Rh1 Kg7 36. Nd1 Nh4 37. Rhf1 cxd5 38. Rxf6 Rxf6 39. Rxf6 Kxf6
40. exd5 Kf5 41. Ne3+ Ke4 42. Ng2 Nf3 43. Kg4 a6 44. Kg3 b6 45. Kf2 b5 46. Ne3
Ne5 47. cxb5 axb5 48. Ke2 g4 49. a4 bxa4 50. bxa4 g3 51. a5 Nd7 52. a6 Nb6 53.
a7 Na8 54. Ng2 1/2-1/2

[Event "II Torneo A"]
[Site "Andria ITA"]
[Date "1998.05.03"]
[Round "6"]
[White "Coratella, Giuseppe"]
[Black "Fiore, Mario"]
[Result "0-1"]
[WhiteElo "1882"]
[BlackElo "2330"]
[PlyCount "35"]
[EventDate "1998.05.01"]

1. d4 Nf6 2. c4 e6 3. Nf3 b6 4. Nc3 Bb4 5. g3 Bb7 6. a3 Bxc3+ 7. bxc3 d6 8. Bg5
Nbd7 9. Bg2 h6 10. Bxf6 Qxf6 11. O-O Qe7 12. Qc2 c5 13. e4 O-O 14. Nd2 e5 15.
d5 Bc8 16. Rae1 a6 17. Bh3 Nf6 18. Bxc8 0-1

[Event "II Torneo A"]
[Site "Andria ITA"]
[Date "1998.05.03"]
[Round "6"]
[White "Di Lascio, Savino"]
[Black "Garofalo, Massimo"]
[Result "0-1"]
[WhiteElo "1864"]
[BlackElo "1777"]
[PlyCount "97"]
[EventDate "1998.05.01"]

1. Nf3 c5 2. g3 g6 3. Bg2 Bg7 4. O-O Nc6 5. e4 d6 6. Re1 Bg4 7. h3 Bd7 8. Nc3
a6 9. d3 Rb8 10. Bd2 e6 11. Qc1 Nge7 12. Bf4 e5 13. Bg5 Be6 14. Nh2 Qd7 15. g4
Nd4 16. Nd5 Bxd5 17. exd5 Nb5 18. c3 Nc7 19. d4 O-O 20. dxc5 Nexd5 21. Rd1 Nf4
22. Bxf4 exf4 23. Rxd6 Qe7 24. Qd2 Ne6 25. Re1 Qg5 26. b4 Qf6 27. c4 Qc3 28.
Qxc3 Bxc3 29. Rb1 Nd4 30. b5 a5 31. Rb6 Bb4 32. c6 bxc6 33. Rxb8 Rxb8 34. Rd1
Bc5 35. a4 cxb5 36. axb5 Re8 37. Bd5 a4 38. g5 a3 39. Ng4 Re2 40. Kf1 Rb2 41.
Nf6+ Kg7 42. Ra1 a2 43. Be4 Nb3 44. Rxa2 Rxa2 45. f3 Nd2+ 46. Ke1 Nxc4 47. Nd7
Bf2+ 48. Kd1 Rd2+ 49. Kc1 0-1

[Event "II Torneo A"]
[Site "Andria ITA"]
[Date "1998.05.03"]
[Round "6"]
[White "Puglisi, Vincenzo"]
[Black "Cucinella, Vincenzo"]
[Result "1-0"]
[WhiteElo "1849"]
[BlackElo "1971"]
[PlyCount "69"]
[EventDate "1998.05.01"]

1. e4 c5 2. Nf3 e6 3. d4 cxd4 4. Nxd4 Nc6 5. Nb5 d6 6. Bf4 e5 7. Be3 Nf6 8. Bg5
a6 9. Bxf6 gxf6 10. N5c3 b5 11. Nd5 Bg7 12. Bd3 Be6 13. O-O f5 14. Nbc3 f4 15.
a3 O-O 16. Qh5 Nd4 17. Ne2 Nxe2+ 18. Bxe2 f5 19. Nc3 Rf6 20. Rad1 Rh6 21. Qf3
Ra7 22. g3 Bf8 23. exf5 Bxf5 24. Qd5+ Rf7 25. Qxe5 Bd7 26. Qd5 Be6 27. Qd2 f3
28. Bd3 Rh5 29. Rfe1 Bh6 30. Re3 Rg7 31. Kh1 Qe8 32. Bf1 Rxh2+ 33. Kxh2 Qh5+
34. Kg1 Qh4 35. Qxd6 1-0

[Event "XV Corsicoscacchi FIDE"]
[Site "Corsico ITA"]
[Date "1998.04.30"]
[Round "1"]
[White "Aglietti, Graziano"]
[Black "Marcoli, Paolo"]
[Result "0-1"]
[WhiteElo "2060"]
[BlackElo "2145"]
[PlyCount "172"]
[EventDate "1998.04.30"]

1. d4 Nf6 2. Nf3 g6 3. Bg5 Bg7 4. e3 O-O 5. Nbd2 d6 6. Bxf6 Bxf6 7. Bd3 e5 8.
c3 Qe7 9. Ne4 Bg7 10. dxe5 dxe5 11. Bc4 Nc6 12. O-O h6 13. h3 Na5 14. Be2 Be6
15. Qa4 b6 16. Rfd1 f5 17. Ng3 c5 18. b4 Nb7 19. bxc5 Nxc5 20. Qb4 Rfd8 21. a4
Qf7 22. a5 Nb3 23. Rxd8+ Rxd8 24. Rd1 Rxd1+ 25. Bxd1 Nxa5 26. Qd6 Qd7 27. Qb8+
Kh7 28. Be2 Nc6 29. Qa8 Qc8 30. Qxc8 Bxc8 31. Bc4 Nd8 32. Kf1 Be6 33. Ba6 Bd5
34. Nd2 e4 35. c4 Bb7 36. Bb5 Bc6 37. Ba6 Ne6 38. Bc8 Nc5 39. Ne2 a5 40. Nd4
Bd7 41. Bxd7 Nxd7 42. Ne6 Bc3 43. Ke2 Ne5 44. c5 bxc5 45. Nxc5 Kg7 46. Ndb3 Kf6
47. Na4 Bb4 48. Nd4 Ke7 49. f3 Kd6 50. f4 Nc6 51. Nb3 Ne7 52. g4 Kd5 53. Nd4
Bc5 54. Nb3 Bb4 55. Nd4 fxg4 56. hxg4 Nc6 57. Nb6+ Kd6 58. Nb3 h5 59. gxh5 gxh5
60. Kf1 Ke6 61. Kg2 Kf5 62. Kh3 Be1 63. Nc5 Nb4 64. Nc4 Nd5 65. Nd6+ Kg6 66.
f5+ Kf6 67. Ndxe4+ Kxf5 68. Nd6+ Kg5 69. Nc4 Bb4 70. Ne4+ Kf5 71. Ng3+ Kg5 72.
Ne4+ Kg6 73. Ng3 a4 74. Ne2 a3 75. Nc1 Kg5 76. Na2 Bc5 77. e4 Nf4+ 78. Kh2 Nd3
79. Nd2 Kg4 80. Nc4 h4 81. e5 Nf4 82. Nd2 Bd4 83. Nc4 Bb2 84. Nb4 Kf5 85. Na2
Nd3 86. Kh3 Kg5 0-1

[Event "XV Corsicoscacchi FIDE"]
[Site "Corsico ITA"]
[Date "1998.04.30"]
[Round "1"]
[White "Griffa, Roberto"]
[Black "Mariano, Elia"]
[Result "0-1"]
[WhiteElo "2075"]
[BlackElo "2205"]
[PlyCount "112"]
[EventDate "1998.04.30"]

1. d4 d5 2. Nf3 Nf6 3. Bf4 Bf5 4. e3 e6 5. Bd3 Bg6 6. Ne5 Nbd7 7. Nxg6 hxg6 8.
h3 c5 9. c3 Be7 10. Nd2 O-O 11. O-O a6 12. a4 c4 13. Be2 b5 14. Bf3 b4 15. cxb4
Bxb4 16. e4 c3 17. e5 cxd2 18. exf6 Qxf6 19. Bxd2 Qxd4 20. Be3 Qxd1 21. Rfxd1
Rfc8 22. Rdc1 a5 23. Kf1 Kf8 24. Be2 Ke7 25. Bb5 Kd6 26. Bf4+ Ke7 27. Be3 Nc5
28. Bxc5+ Rxc5 29. Rxc5 Bxc5 30. Ke2 Bd4 31. Rb1 Bc5 32. Rc1 Kd6 33. f4 Rh8 34.
b3 g5 35. fxg5 Rh5 36. g6 f6 37. Be8 Re5+ 38. Kf1 Re3 39. Rb1 Ke5 40. Re1 Rxe1+
41. Kxe1 Kd4 42. Bf7 e5 43. Ke2 e4 44. h4 Ke5 45. h5 Bf8 46. g3 f5 47. Kd2 d4
48. Bc4 Be7 49. Ke2 d3+ 50. Kd1 Bg5 51. b4 axb4 52. a5 Kd4 53. a6 e3 54. a7 e2+
55. Ke1 Ke3 56. Bxd3 Kxd3 0-1

[Event "XV Corsicoscacchi FIDE"]
[Site "Corsico ITA"]
[Date "1998.04.30"]
[Round "1"]
[White "Nicolo', Filippo"]
[Black "Gabetto, Flaviano"]
[Result "1/2-1/2"]
[WhiteElo "1971"]
[BlackElo "2125"]
[PlyCount "61"]
[EventDate "1998.04.30"]

1. e4 c6 2. d4 d5 3. e5 Bf5 4. Nc3 e6 5. g4 Bg6 6. Nge2 c5 7. h4 h6 8. Be3 Nc6
9. Qd2 a6 10. f4 c4 11. Ng3 Nge7 12. Qf2 f5 13. h5 Bh7 14. g5 hxg5 15. fxg5 g6
16. hxg6 Nxg6 17. Nh5 Be7 18. Ng7+ Kf7 19. Nxe6 Qa5 20. Qxf5+ Kg8 21. Qg4 Bb4
22. Kd2 Qa4 23. Rc1 Qxa2 24. Rh3 Qxb2 25. Bf2 Na5 26. Kd1 Bxc3 27. Rxc3 Qxc3
28. Bg2 Ne7 29. g6 Bxg6 30. Bxd5 Rh6 31. Nf4+ 1/2-1/2

[Event "XV Corsicoscacchi FIDE"]
[Site "Corsico ITA"]
[Date "1998.04.30"]
[Round "1"]
[White "Sbarra, Marco"]
[Black "De Palma, Diego"]
[Result "1-0"]
[WhiteElo "2245"]
[BlackElo "2110"]
[PlyCount "41"]
[EventDate "1998.04.30"]

1. d4 Nf6 2. c4 g6 3. Nc3 Bg7 4. e4 d6 5. Nf3 O-O 6. Be2 e5 7. d5 Nbd7 8. Bg5
a5 9. Nd2 Nc5 10. O-O c6 11. b3 Qc7 12. a3 Bd7 13. b4 axb4 14. axb4 Rxa1 15.
Qxa1 Na6 16. dxc6 Be6 17. Nd5 Bxd5 18. cxd5 Rb8 19. Rb1 bxc6 20. Qxa6 cxd5 21.
Bxf6 1-0

[Event "XV Corsicoscacchi FIDE"]
[Site "Corsico ITA"]
[Date "1998.04.30"]
[Round "1"]
[White "Ubezio, Marco"]
[Black "Bozzali, Ermanno"]
[Result "1-0"]
[WhiteElo "2190"]
[BlackElo "2070"]
[PlyCount "71"]
[EventDate "1998.04.30"]

1. d4 Nf6 2. Bg5 e6 3. e4 h6 4. Bxf6 Qxf6 5. Nc3 a6 6. Qd2 Bb4 7. a3 Ba5 8. Nf3
d6 9. b4 Bb6 10. e5 dxe5 11. Nxe5 Nd7 12. Ne4 Qe7 13. Nc4 Ba7 14. Be2 Nf6 15.
Nxf6+ Qxf6 16. c3 O-O 17. O-O Rd8 18. Qe3 Bd7 19. Ne5 Bb5 20. Bxb5 axb5 21. Qe2
c6 22. a4 bxa4 23. Rxa4 Bb6 24. Nd7 Rxd7 25. Rxa8+ Kh7 26. Rfa1 Qf5 27. h3 Bc7
28. Re1 g6 29. Qe4 Qb5 30. Qf3 Kg7 31. Rxe6 Qg5 32. Re1 Rd5 33. Qe3 Qxe3 34.
Rxe3 Bf4 35. Rf3 Bd2 36. Kf1 1-0

[Event "XV Corsicoscacchi FIDE"]
[Site "Corsico ITA"]
[Date "1998.05.01"]
[Round "2"]
[White "Bozzali, Ermanno"]
[Black "Aglietti, Graziano"]
[Result "1/2-1/2"]
[WhiteElo "2070"]
[BlackElo "2060"]
[PlyCount "77"]
[EventDate "1998.04.30"]

1. e4 c5 2. Nf3 g6 3. c3 Bg7 4. d4 cxd4 5. cxd4 d6 6. Nc3 Nf6 7. Be2 O-O 8. O-O
a6 9. a4 Nc6 10. d5 Nb8 11. h3 Nbd7 12. Be3 b6 13. Nd4 Bb7 14. b4 Rc8 15. Rc1
Re8 16. Nc6 Bxc6 17. dxc6 Rxc6 18. Bxa6 Qa8 19. Bb5 Rc7 20. Nd5 Rxc1 21. Bxc1
Qb7 22. f3 Nxd5 23. exd5 e6 24. Bc6 Qc7 25. Bf4 Bc3 26. Qb3 Bd4+ 27. Kh1 exd5
28. Bxd7 Qxd7 29. Qxd5 Be5 30. Bxe5 Rxe5 31. Qa8+ Kg7 32. Ra1 Qe7 33. a5 bxa5
34. bxa5 Re1+ 35. Rxe1 Qxe1+ 36. Kh2 Qe5+ 37. Kg1 Qe1+ 38. Kh2 Qe5+ 39. Kg1
1/2-1/2

[Event "XV Corsicoscacchi FIDE"]
[Site "Corsico ITA"]
[Date "1998.05.01"]
[Round "2"]
[White "De Palma, Diego"]
[Black "Nicolo', Filippo"]
[Result "1/2-1/2"]
[WhiteElo "2110"]
[BlackElo "1971"]
[PlyCount "50"]
[EventDate "1998.04.30"]

1. d4 d6 2. c4 f5 3. Nf3 Nf6 4. Nc3 g6 5. g3 Bg7 6. Bg2 O-O 7. O-O Nc6 8. e3 e5
9. d5 Ne7 10. Qc2 h6 11. e4 fxe4 12. Nxe4 Nxe4 13. Qxe4 Bf5 14. Qe3 Qd7 15. Bd2
Rf7 16. Bc3 Bg4 17. Qe4 Raf8 18. Nd2 Bh3 19. Rae1 g5 20. f3 Bf5 21. Qe3 b6 22.
Rf2 Bg6 23. Ne4 Bh5 24. Qd3 Bg6 25. Qe3 Bh5 1/2-1/2

[Event "XV Corsicoscacchi FIDE"]
[Site "Corsico ITA"]
[Date "1998.05.01"]
[Round "2"]
[White "Gabetto, Flaviano"]
[Black "Cazzaniga, Walter"]
[Result "0-1"]
[WhiteElo "2125"]
[BlackElo "2175"]
[PlyCount "73"]
[EventDate "1998.04.30"]

1. e4 e6 2. Nf3 d5 3. e5 c5 4. b4 cxb4 5. a3 bxa3 6. d4 Nc6 7. c3 f6 8. Bd3 Nh6
9. Bxh6 gxh6 10. Nxa3 Bg7 11. O-O O-O 12. Qe2 fxe5 13. Nxe5 Nxe5 14. dxe5 Qg5
15. Rae1 Bd7 16. g3 Rac8 17. f4 Qe7 18. Nb1 Be8 19. g4 h5 20. f5 Qg5 21. f6 Bh6
22. Rf2 Kh8 23. Rg2 h4 24. h3 Bg6 25. Rf2 Rf7 26. Bxg6 hxg6 27. Qb5 Bf8 28. Kg2
Rc6 29. c4 d4 30. Nd2 a6 31. Qa4 Kg8 32. Nf3 Qf4 33. Nxh4 Qh6 34. Nf3 Rh7 35.
h4 Qf4 36. g5 d3 37. Kf1 0-1

[Event "XV Corsicoscacchi FIDE"]
[Site "Corsico ITA"]
[Date "1998.05.01"]
[Round "2"]
[White "Marcoli, Paolo"]
[Black "Sbarra, Marco"]
[Result "0-1"]
[WhiteElo "2145"]
[BlackElo "2245"]
[PlyCount "92"]
[EventDate "1998.04.30"]

1. e4 c5 2. Nf3 Nc6 3. d4 cxd4 4. Nxd4 e6 5. Nb5 d6 6. c4 Nf6 7. N1c3 a6 8. Na3
Be7 9. Be2 O-O 10. O-O b6 11. Be3 Qc7 12. Rc1 Ne5 13. f3 Bb7 14. Qd2 Ned7 15.
Rfd1 Rfd8 16. Bf1 Qb8 17. Qf2 Bc6 18. Nc2 Qa7 19. b4 Rac8 20. Nd4 Ba8 21. a4
Ne5 22. Nb3 Nxc4 23. Bxc4 Rxc4 24. Bxb6 Qb8 25. Bxd8 Bxd8 26. Qd2 Rxb4 27. Qxd6
Bc7 28. Qxc7 Qxc7 29. Nd5 Qa7+ 30. Kf1 Rb8 31. Rc7 Bb7 32. Nxf6+ gxf6 33. Rdd7
a5 34. Nc5 Ba6+ 35. Ke1 Rb1+ 36. Kf2 Qb6 37. Kg3 Rb2 38. e5 Bf1 39. exf6 Rxg2+
40. Kf4 e5+ 41. Kf5 Rg5+ 42. Kxg5 h6+ 43. Kg4 Qxf6 44. Kg3 Qg6+ 45. Kf2 Qg2+
46. Ke3 Qe2# 0-1

[Event "XV Corsicoscacchi FIDE"]
[Site "Corsico ITA"]
[Date "1998.05.01"]
[Round "2"]
[White "Mariano, Elia"]
[Black "Ubezio, Marco"]
[Result "1/2-1/2"]
[WhiteElo "2205"]
[BlackElo "2190"]
[PlyCount "60"]
[EventDate "1998.04.30"]

1. d4 Nf6 2. c4 e5 3. dxe5 Ng4 4. Nf3 Bc5 5. e3 Nc6 6. Be2 O-O 7. O-O Re8 8.
Qd5 Qe7 9. Nc3 Ngxe5 10. Ne4 b6 11. Nxc5 Qxc5 12. Qxc5 bxc5 13. Nxe5 Nxe5 14.
Bd2 Rb8 15. b3 d6 16. Rfe1 Bf5 17. Bc3 Nd3 18. Red1 Nb4 19. Bf3 Be4 20. a3 Bxf3
21. gxf3 Nc6 22. b4 Ne5 23. bxc5 Nxc4 24. cxd6 cxd6 25. Bb4 Rbd8 26. Rd4 d5 27.
Rad1 Nb2 28. R1d2 Nc4 29. Rd1 Nb2 30. R1d2 Nc4 1/2-1/2

[Event "XV Corsicoscacchi FIDE"]
[Site "Corsico ITA"]
[Date "1998.05.01"]
[Round "2"]
[White "Mascheroni, Maurizio"]
[Black "Griffa, Roberto"]
[Result "1-0"]
[WhiteElo "2020"]
[BlackElo "2075"]
[PlyCount "63"]
[EventDate "1998.04.30"]

1. e4 d5 2. exd5 Qxd5 3. Nc3 Qa5 4. Nf3 Nf6 5. Bc4 c6 6. h3 e6 7. d3 b5 8. Bb3
Nbd7 9. O-O Be7 10. Nd4 Bb7 11. Bxe6 fxe6 12. Nxe6 b4 13. Ne2 Kf7 14. Ng5+ Kg8
15. Ng3 h6 16. Ne6 Kf7 17. Re1 Rhe8 18. Bf4 Bd6 19. Qf3 Bxf4 20. Nxf4 Rxe1+ 21.
Rxe1 b3 22. c3 bxa2 23. Ra1 Rb8 24. Ne4 Kg8 25. Nd6 Qe5 26. Ne4 Qe7 27. Ng6 Qf7
28. Qg3 Kh7 29. Nh4 Ba6 30. Nd6 Qe6 31. Qg6+ Kg8 32. Nhf5 1-0

[Event "XV Corsicoscacchi FIDE"]
[Site "Corsico ITA"]
[Date "1998.05.01"]
[Round "2"]
[White "Podini, Francesco"]
[Black "Barlocco, Carlo"]
[Result "0-1"]
[WhiteElo "2060"]
[BlackElo "2180"]
[PlyCount "84"]
[EventDate "1998.04.30"]

1. c4 c6 2. d4 d5 3. Nf3 Nf6 4. cxd5 cxd5 5. Nc3 Nc6 6. Bf4 e6 7. e3 Be7 8. Bd3
O-O 9. Rc1 Bd7 10. h3 Rc8 11. O-O Na5 12. Ne5 Nc4 13. Nxc4 dxc4 14. Bb1 b5 15.
a3 a5 16. e4 b4 17. axb4 axb4 18. e5 Nd5 19. Nxd5 exd5 20. Qf3 Be6 21. Bd2 Re8
22. Qe3 Qd7 23. f4 f5 24. g4 Kh8 25. Kh2 Rf8 26. gxf5 Bxf5 27. Bxf5 Qxf5 28.
Qf3 Rfd8 29. Rfe1 Ra8 30. Re2 Ra2 31. Be1 Rf8 32. Bg3 g5 33. Qxd5 gxf4 34. Bf2
f3 35. Rec2 Rxb2 36. Qxc4 Rg8 37. Bg3 Qg6 38. Bf4 f2 39. Qxg8+ Kxg8 40. Rxb2
Bh4 41. Rb3 f1=Q 42. Rxf1 Qc2+ 0-1

[Event "XV Corsicoscacchi FIDE"]
[Site "Corsico ITA"]
[Date "1998.05.01"]
[Round "2"]
[White "Zoldan, Matteo"]
[Black "Barberi, Alessandro"]
[Result "1-0"]
[WhiteElo "2100"]
[BlackElo "2125"]
[PlyCount "57"]
[EventDate "1998.04.30"]

1. e4 c5 2. Nf3 d6 3. d4 cxd4 4. Nxd4 Nf6 5. Nc3 g6 6. Be3 Bg7 7. f3 O-O 8. Bc4
Nc6 9. Qd2 Bd7 10. O-O-O Qc7 11. Bb3 Rfc8 12. h4 Ne5 13. h5 Nc4 14. Bxc4 Qxc4
15. Bh6 Bh8 16. Bg5 b5 17. hxg6 fxg6 18. Bxf6 Bxf6 19. Nd5 Bxd4 20. Nxe7+ Kf8
21. c3 Kxe7 22. Rxh7+ Kd8 23. Qg5+ Kc7 24. Rxd4 Qc6 25. e5 d5 26. e6 Qxe6 27.
Rxd5 Rd8 28. Re7 Qb6 29. Rc5+ 1-0

[Event "XV Corsicoscacchi FIDE"]
[Site "Corsico ITA"]
[Date "1998.05.01"]
[Round "3"]
[White "Aglietti, Graziano"]
[Black "De Palma, Diego"]
[Result "0-1"]
[WhiteElo "2060"]
[BlackElo "2110"]
[PlyCount "62"]
[EventDate "1998.04.30"]

1. d4 Nf6 2. Nf3 g6 3. Bg5 d5 4. Bxf6 exf6 5. Nbd2 Bg7 6. e3 O-O 7. c4 c6 8.
Be2 Qe7 9. O-O Be6 10. cxd5 cxd5 11. Qa4 Nc6 12. Rac1 a6 13. Rc5 f5 14. Rfc1 f4
15. e4 b5 16. Qd1 Nxd4 17. exd5 Bf5 18. Bf1 Nxf3+ 19. Nxf3 Bxb2 20. d6 Qf6 21.
R1c2 Bxc2 22. Rxc2 Ba3 23. Rd2 Rfd8 24. d7 Ra7 25. Rd3 Bc5 26. Rd5 Rc7 27. Ne5
Qe6 28. a4 f6 29. Ng4 h5 30. Qd3 Kg7 31. Qc3 Bxf2+ 0-1

[Event "XV Corsicoscacchi FIDE"]
[Site "Corsico ITA"]
[Date "1998.05.01"]
[Round "3"]
[White "Barberi, Alessandro"]
[Black "Marcoli, Paolo"]
[Result "1/2-1/2"]
[WhiteElo "2125"]
[BlackElo "2145"]
[PlyCount "101"]
[EventDate "1998.04.30"]

1. d4 Nf6 2. Nf3 g6 3. g3 Bg7 4. Bg2 O-O 5. c4 d6 6. O-O Nbd7 7. Nc3 e5 8. e4
c6 9. d5 c5 10. h3 h6 11. Ne1 Nh5 12. Be3 Kh7 13. Nd3 a6 14. a4 b6 15. g4 Nf4
16. Nxf4 exf4 17. Bxf4 Ne5 18. Qe2 f5 19. gxf5 gxf5 20. Kh2 Ng6 21. Bd2 Qh4 22.
f4 fxe4 23. Be1 Qf6 24. Nxe4 Qe7 25. Bg3 Bf5 26. Rae1 Rae8 27. Qh5 Qd7 28. Ng5+
Kg8 29. Ne6 Rf6 30. Be4 Qf7 31. Rg1 Bxe4 32. Rxe4 Rf5 33. Qe2 Kh8 34. Rg2 Kh7
35. Qe3 Rg8 36. Nxg7 Rxg7 37. Re6 Rh5 38. Qe4 Qf5 39. Qxf5 Rxf5 40. Rxd6 Rb7
41. Rf2 h5 42. h4 Ne7 43. Re2 Rf7 44. a5 bxa5 45. Rxa6 Nf5 46. Bf2 Rb4 47. Rc2
Nd4 48. Bxd4 cxd4 49. c5 Rxf4 50. Ra7+ Kh6 51. Ra6+ 1/2-1/2

[Event "XV Corsicoscacchi FIDE"]
[Site "Corsico ITA"]
[Date "1998.05.01"]
[Round "3"]
[White "Barlocco, Carlo"]
[Black "Cazzaniga, Walter"]
[Result "1-0"]
[WhiteElo "2180"]
[BlackElo "2175"]
[PlyCount "65"]
[EventDate "1998.04.30"]

1. d4 Nf6 2. c4 g6 3. Nc3 Bg7 4. e4 d6 5. Nf3 O-O 6. Bg5 h6 7. Bh4 c5 8. d5 e6
9. Be2 exd5 10. cxd5 a6 11. a4 Bg4 12. Nd2 Bxe2 13. Qxe2 Nbd7 14. O-O Qc7 15.
Nc4 Rab8 16. Bg3 Ne8 17. a5 Ne5 18. Bxe5 dxe5 19. f4 Qe7 20. Qe3 exf4 21. Qxf4
Bd4+ 22. Kh1 Rd8 23. e5 Qg5 24. Qxg5 hxg5 25. d6 Ng7 26. Ne4 Ne6 27. Ra3 Kg7
28. Nf6 Rh8 29. Rb3 Rh4 30. g3 Rh3 31. Rxb7 Rdh8 32. Ng4 Nd8 33. Rd7 1-0

[Event "XV Corsicoscacchi FIDE"]
[Site "Corsico ITA"]
[Date "1998.05.01"]
[Round "3"]
[White "Bozzali, Ermanno"]
[Black "Gabetto, Flaviano"]
[Result "1/2-1/2"]
[WhiteElo "2070"]
[BlackElo "2125"]
[PlyCount "99"]
[EventDate "1998.04.30"]

1. e4 c6 2. d4 d5 3. Nc3 dxe4 4. Nxe4 Nf6 5. Nxf6+ gxf6 6. c3 Bf5 7. Ne2 Nd7 8.
Ng3 Bg6 9. h4 h5 10. Be2 Qa5 11. O-O e6 12. b4 Qc7 13. Bf3 Bd6 14. Ne4 Bxe4 15.
Bxe4 f5 16. Bf3 O-O-O 17. a4 Rdg8 18. b5 c5 19. a5 Rg4 20. Bxg4 hxg4 21. f4
gxf3 22. Rxf3 Rxh4 23. Be3 Bh2+ 24. Kf1 Bg3 25. Qa4 Bd6 26. Ke2 Nf6 27. Bg5
Re4+ 28. Kd3 Nd7 29. Qa2 cxd4 30. cxd4 Rxd4+ 31. Kxd4 Be5+ 32. Kd3 Qc3+ 33. Ke2
Qxa1 34. Qc2+ Bc7 35. Bf4 e5 36. Bd2 Qd4 37. Qxf5 Qc4+ 38. Qd3 Qg4 39. Qf5
Qxg2+ 40. Rf2 Qd5 41. Qxf7 Qxb5+ 42. Kd1 Qa4+ 43. Ke2 Bxa5 44. Be3 Qg4+ 45. Kd3
Qd1+ 46. Ke4 Qb1+ 47. Kf3 Qd1+ 48. Ke4 Qa4+ 49. Kf3 Qc6+ 50. Ke2 1/2-1/2

[Event "XV Corsicoscacchi FIDE"]
[Site "Corsico ITA"]
[Date "1998.05.01"]
[Round "3"]
[White "Griffa, Roberto"]
[Black "Podini, Francesco"]
[Result "1/2-1/2"]
[WhiteElo "2075"]
[BlackElo "2060"]
[PlyCount "91"]
[EventDate "1998.04.30"]

1. d4 Nf6 2. Nf3 g6 3. Bf4 Bg7 4. e3 d6 5. h3 O-O 6. Be2 Nbd7 7. O-O a6 8. Bh2
c5 9. a4 b6 10. c3 Bb7 11. Nbd2 Bc6 12. Nc4 Qc7 13. b4 cxb4 14. cxb4 Bd5 15.
Rc1 Qb7 16. Ncd2 b5 17. axb5 axb5 18. Nb3 Rfc8 19. Na5 Rxc1 20. Qxc1 Qa6 21.
Qb2 Nb6 22. Rc1 Nc4 23. Nxc4 bxc4 24. Nd2 Qa2 25. Qc2 Qxc2 26. Rxc2 c3 27. Nf1
Ra3 28. Bf4 h6 29. h4 Nd7 30. f3 f5 31. Bg3 e5 32. Bf2 Nb6 33. Rc1 Na4 34. Ng3
exd4 35. exd4 Rb3 36. b5 Rb4 37. h5 f4 38. Ne4 Bxe4 39. fxe4 Bxd4 40. Bd1 Bxf2+
41. Kxf2 Nc5 42. Kf3 Nxe4 43. hxg6 d5 44. Kxf4 Rxb5 45. Bf3 Rb4 46. Ke5 1/2-1/2

[Event "XV Corsicoscacchi FIDE"]
[Site "Corsico ITA"]
[Date "1998.05.01"]
[Round "3"]
[White "Nicolo', Filippo"]
[Black "Mascheroni, Maurizio"]
[Result "1/2-1/2"]
[WhiteElo "1971"]
[BlackElo "2020"]
[PlyCount "30"]
[EventDate "1998.04.30"]

1. e4 e5 2. Nc3 Nf6 3. Bc4 Bc5 4. d3 d6 5. f4 Bg4 6. Nf3 Nc6 7. h3 Bxf3 8. Qxf3
Nd4 9. Qg3 Qe7 10. Kd1 exf4 11. Bxf4 Nh5 12. Qg4 Nxf4 13. Qxf4 Ne6 14. Qg4 h5
15. Qf5 g6 1/2-1/2

[Event "XV Corsicoscacchi FIDE"]
[Site "Corsico ITA"]
[Date "1998.05.01"]
[Round "3"]
[White "Sbarra, Marco"]
[Black "Mariano, Elia"]
[Result "1-0"]
[WhiteElo "2245"]
[BlackElo "2205"]
[PlyCount "73"]
[EventDate "1998.04.30"]

1. c4 Nf6 2. Nc3 e6 3. d4 d5 4. Bg5 Nbd7 5. e3 Be7 6. Nf3 O-O 7. cxd5 exd5 8.
Bd3 c6 9. Qc2 h6 10. Bf4 Re8 11. h3 Bb4 12. O-O Qe7 13. a3 Bd6 14. Bxd6 Qxd6
15. b4 a6 16. Na4 b6 17. Ne5 Nxe5 18. dxe5 Rxe5 19. Nxb6 Bxh3 20. f4 Rxe3 21.
Nxa8 Rg3 22. Rf2 Ng4 23. Re2 g6 24. Qc5 Qxf4 25. Rf1 Rf3 26. Re8+ Kh7 27. Rxf3
Qh2+ 28. Kf1 Qxg2+ 29. Ke1 Qxf3 30. Qd4 Nf6 31. Re3 Qh1+ 32. Kd2 Bg4 33. Re1
Qg2+ 34. Kc1 Nh5 35. Re7 Be6 36. Qe3 d4 37. Qxe6 1-0

[Event "XV Corsicoscacchi FIDE"]
[Site "Corsico ITA"]
[Date "1998.05.01"]
[Round "3"]
[White "Ubezio, Marco"]
[Black "Zoldan, Matteo"]
[Result "1/2-1/2"]
[WhiteElo "2190"]
[BlackElo "2100"]
[PlyCount "34"]
[EventDate "1998.04.30"]

1. d4 Nf6 2. Bg5 Ne4 3. Bf4 c5 4. f3 Qa5+ 5. c3 Nf6 6. Nd2 cxd4 7. Nb3 Qb6 8.
Qxd4 Nc6 9. Qxb6 axb6 10. e4 d5 11. exd5 Nxd5 12. Bd2 e5 13. Bb5 Be6 14. Nc1
Be7 15. Nge2 O-O 16. Bd3 f5 17. b4 Bh4+ 1/2-1/2

[Event "XV Corsicoscacchi FIDE"]
[Site "Corsico ITA"]
[Date "1998.05.02"]
[Round "4"]
[White "Aglietti, Graziano"]
[Black "Griffa, Roberto"]
[Result "1-0"]
[WhiteElo "2060"]
[BlackElo "2075"]
[PlyCount "45"]
[EventDate "1998.04.30"]

1. e4 c6 2. d4 d5 3. Nc3 dxe4 4. Nxe4 Bf5 5. Ng3 Bg6 6. h4 h6 7. Nf3 Nd7 8. h5
Bh7 9. Bd3 Bxd3 10. Qxd3 Qc7 11. Bd2 e6 12. O-O-O Ngf6 13. Kb1 O-O-O 14. c4 c5
15. d5 Nb6 16. Ba5 Bd6 17. Ne4 Nxe4 18. Qxe4 Rhe8 19. Qg4 Bf8 20. Rde1 f5 21.
Qg6 Qd6 22. Re2 exd5 23. Rxe8 1-0